| 000 | 00426 a2200193 4500 | ||
|---|---|---|---|
| 260 | _bUNECA/FAO | ||
| 245 | _aImproving food security in Africa: the ignored contribution of livestock | ||
| 300 | _a48p. | ||
| 260 | _aAddis Abeba | ||
| 260 | _c1995 | ||
| 130 | _len. | ||
| 100 | _aABASSA, K. P. | ||
| 651 | _aAfrica | ||
| 690 | _afood | ||
| 690 | _alivestock | ||
| 690 | _asecurity | ||
| 999 |
_c29135 _d29135 |
||